LIBRARY & INFORMATION CENTRE, KCAET, TAVANUR

ONLINE PUBLIC ACCESS CATALOGUE (OPAC)

Building drawing / (Record no. 2483)

MARC details
000 -LEADER
fixed length control field 00576cam a2200241ua 4500
041 ## - LANGUAGE CODE
Language code of text/sound track or separate title eng
082 ## - DEWEY DECIMAL CLASSIFICATION NUMBER
Classification number 690.0223
Item number SHA/BU
100 ## - MAIN ENTRY--AUTHOR NAME
Personal name Shah, M.G .
245 ## - TITLE STATEMENT
Title Building drawing /
250 ## - EDITION STATEMENT
Edition statement 2 /
260 ## - PUBLICATION, DISTRIBUTION, ETC. (IMPRINT)
Place of publication :
Name of publisher Tata Mc-Graw Hill Publishing Company ,
Year of publication 1990.
300 ## - PHYSICAL DESCRIPTION
Number of Pages 203 ; .
700 1# - ADDED ENTRY--PERSONAL NAME
Personal name Kale, C.M .
700 1# - ADDED ENTRY--PERSONAL NAME
Personal name Patki, S Y .
942 ## - ADDED ENTRY ELEMENTS (KOHA)
Koha item type Books
Holdings
Withdrawn status Lost status Damaged status Home library Current library Date acquired Full call number Accession Number Koha item type
      KAUAET KAUAET 07/04/2012 690.0223 16844 Books
      KAUAET KAUAET 07/04/2012 690.0223 16846 Books
      KAUAET KAUAET 07/04/2012 690.0223 16843 Books
      KAUAET KAUAET 07/04/2012 690.0223 16951 Books
      KAUAET KAUAET 07/04/2012 690.0223 16845 Books
      KAUAET KAUAET 07/04/2012 690.0223 16847 Books
free website counter